[Event "FIN-ch TT 9900"]
[Site "FIN"]
[Date "2000.??.??"]
[Round "?"]
[White "Tuominen, Risto"]
[Black "Gamback, Bjorn"]
[Result "0-1"]
[WhiteElo "2196"]
[BlackElo "2181"]
[PlyCount "114"]
[EventDate "1999.??.??"]
[EventType "team"]
[EventRounds "9"]
[EventCountry "FIN"]
[Source "Fruth,M"]
[SourceDate "2003.05.15"]

1. d4 d5 2. c4 e6 3. Nc3 c5 4. cxd5 cxd4 5. Qa4+ Bd7 6. Qxd4 exd5 7. Qxd5 Nc6
8. Qd1 Nf6 9. Nf3 Bc5 10. e3 Qe7 11. Be2 O-O-O 12. O-O g5 13. b4 Bxb4 14. Bb2
g4 15. Nd4 Kb8 16. a3 Ba5 17. Ncb5 h5 18. Qa4 Nxd4 19. Bxd4 b6 20. Qc2 Bxb5 21.
Bxb5 Rhg8 22. Qf5 Ne4 23. Qf4+ Kb7 24. Be5 Nc3 25. Bf6 Qd6 26. Bxd8 Qxf4 27.
exf4 Rxd8 28. Bc4 Rd7 29. g3 b5 30. Bxb5 Nxb5 31. Rad1 Rxd1 32. Rxd1 Kc6 33.
Rd3 Bb6 34. Kg2 Nd4 35. Re3 Nb5 36. Re5 Nxa3 37. Rxh5 Nc4 38. Rh6+ Kd5 39. Rh8
a5 40. Ra8 f5 41. f3 Ne3+ 42. Kf2 Nc2+ 43. Ke2 Nd4+ 44. Kd3 Nxf3 45. Rf8 Nd4
46. Kc3 a4 47. Ra8 a3 48. Ra6 Bc5 49. Rf6 Bd6 50. Rf7 Bb4+ 51. Kd3 a2 52. Rd7+
Bd6 53. Ra7 Nb3 54. Ke2 a1=Q 55. Rxa1 Nxa1 56. Kf2 Ke4 57. Kg2 Bxf4 0-1

[Event "Fide Mercenarios B T"]
[Site "Mexico"]
[Date "1999.??.??"]
[Round "7"]
[White "Mendez, Salvador"]
[Black "Marquet, Guillermo"]
[Result "1/2-1/2"]
[WhiteElo "2225"]
[BlackElo "2265"]
[PlyCount "51"]
[EventDate "1999.??.??"]
[EventType "tourn"]
[EventRounds "11"]
[EventCountry "MEX"]
[Source "Fruth,M"]
[SourceDate "2003.05.15"]

1. d4 d5 2. c4 e6 3. Nc3 c5 4. cxd5 cxd4 5. Qxd4 Nc6 6. Qd1 exd5 7. e3 Nf6 8.
Nf3 Bd6 9. Be2 a6 10. O-O O-O 11. b3 b5 12. Bb2 Bc7 13. Rc1 Qd6 14. g3 Bh3 15.
Bxb5 axb5 16. Nxb5 Qd7 17. Nxc7 Qxc7 18. Bxf6 gxf6 19. Nd4 Bd7 20. Nxc6 Bxc6
21. Qg4+ Kh8 22. Qd4 Qd6 23. Rc5 Rxa2 24. Rfc1 Bb7 25. Rc7 Ba6 26. e4 1/2-1/2

[Event "GER-ch TT BL2 9900 Sued"]
[Site "Deutschland"]
[Date "1999.??.??"]
[Round "?.3"]
[White "Schlindwein, Rolf"]
[Black "Jirovsky, Milos"]
[Result "1-0"]
[WhiteElo "2440"]
[BlackElo "2470"]
[PlyCount "85"]
[EventDate "1999.??.??"]
[EventType "team"]
[EventRounds "9"]
[EventCountry "GER"]
[Source "Fruth,M"]
[SourceDate "2003.05.15"]

1. d4 d5 2. c4 e6 3. Nc3 c5 4. cxd5 cxd4 5. Qa4+ Bd7 6. Qxd4 exd5 7. Qxd5 Nc6
8. e3 Nf6 9. Qd1 Bc5 10. Nf3 Qe7 11. a3 O-O-O 12. Qc2 Kb8 13. Be2 Rhg8 14. b4
Bb6 15. Bb2 Rc8 16. Rd1 g5 17. Qd3 g4 18. Nh4 Bc7 19. Nf5 Qe6 20. Nb5 Ne5 21.
Qb1 Bxb5 22. Bxb5 Ka8 23. Ng3 Rg5 24. Ne4 Nxe4 25. Qxe4 Bb8 26. Bd7 Nxd7 27.
Qxe6 fxe6 28. Rxd7 Rh5 29. h3 a5 30. Ke2 Ka7 31. bxa5 Ka6 32. Bd4 e5 33. Bb6 e4
34. a4 Rc2+ 35. Rd2 Rc4 36. Rd4 Rc2+ 37. Rd2 Rc4 38. Ra2 Bd6 39. Rd1 gxh3 40.
Rxd6 h2 41. Rd8 Rxa4 42. Rb2 h1=Q 43. Ra8# 1-0

[Event "Mecklenburg-Vorpommern-ch TT OLN 9900"]
[Site "MVP"]
[Date "2000.??.??"]
[Round "?"]
[White "Kluth, Carsten"]
[Black "Willsch, Matthias"]
[Result "0-1"]
[WhiteElo "2170"]
[BlackElo "2280"]
[PlyCount "46"]
[EventDate "1999.??.??"]
[EventType "swiss"]
[EventRounds "9"]
[EventCountry "GER"]
[Source "Fruth,M"]
[SourceDate "2003.05.15"]

1. d4 d5 2. c4 e6 3. Nc3 c5 4. cxd5 cxd4 5. Qxd4 Nc6 6. Qd1 exd5 7. e3 Nf6 8.
Nf3 Bd6 9. Be2 a6 10. O-O O-O 11. b3 Re8 12. Bb2 Bb8 13. Re1 Qd6 14. g3 Ba7 15.
Rc1 Bh3 16. Na4 Ne4 17. Bd4 Nxd4 18. exd4 Qf6 19. Nc5 Re7 20. a3 Rae8 21. b4
Bg4 22. Qd3 Nxc5 23. dxc5 Bxf3 0-1

[Event "Montpellier op"]
[Site "Montpellier"]
[Date "1999.??.??"]
[Round "7"]
[White "Flear, Glenn C"]
[Black "Daurelle, Herve"]
[Result "1-0"]
[WhiteElo "2484"]
[BlackElo "2221"]
[PlyCount "59"]
[EventDate "1999.??.??"]
[EventType "swiss"]
[EventRounds "9"]
[EventCountry "FRA"]
[Source "Fruth,M"]
[SourceDate "2003.05.15"]

1. d4 d5 2. c4 e6 3. Nc3 c5 4. cxd5 cxd4 5. Qa4+ Bd7 6. Qxd4 exd5 7. Qxd5 Nc6
8. Nf3 Nf6 9. Qd1 Bc5 10. e3 Qe7 11. Bd2 O-O-O 12. Rc1 Kb8 13. a3 g5 14. h3 g4
15. hxg4 Bxg4 16. Be2 h5 17. Qc2 Rc8 18. Nd5 Nxd5 19. Qxc5 Qd7 20. Qb5 Rhd8 21.
e4 Nc7 22. Bf4 Bxf3 23. Bxf3 Ka8 24. Qa4 Ne6 25. Be3 Ned4 26. Rxh5 a6 27. Rd5
Nxf3+ 28. gxf3 Qe6 29. Rxc6 Qxc6 30. Qd4 1-0

[Event "FRA-ch TT 2 S 9900"]
[Site "FRA"]
[Date "2000.01.15"]
[Round "5"]
[White "Sebban, Jean Paul"]
[Black "Vincent, Patrick"]
[Result "1-0"]
[WhiteElo "2169"]
[BlackElo "2207"]
[PlyCount "53"]
[EventDate "1999.01.15"]
[EventType "team"]
[EventRounds "7"]
[EventCountry "FRA"]
[Source "Fruth,M"]
[SourceDate "2003.05.15"]

1. d4 d5 2. c4 e6 3. Nc3 c5 4. cxd5 cxd4 5. Qa4+ Bd7 6. Qxd4 exd5 7. Qxd5 Nf6
8. Qd1 Bc5 9. e3 Nc6 10. Nf3 Qe7 11. Be2 g5 12. O-O g4 13. Nd4 Rg8 14. b4 Bxb4
15. Bd2 Rc8 16. Rc1 Rg6 17. Bd3 Rg5 18. Nxc6 Bxc6 19. e4 Rh5 20. Nd5 Nxd5 21.
exd5 Qd6 22. Re1+ Kd8 23. Bxb4 Qxh2+ 24. Kf1 Rxd5 25. Qxg4 Rxd3 26. Re8+ Kxe8
27. Qxc8+ 1-0

[Event "BCF National Club-ch qfin TT"]
[Site "Staines Travelodge"]
[Date "1999.01.31"]
[Round "?"]
[White "Ledger, Andrew"]
[Black "Wall, Tim"]
[Result "0-1"]
[WhiteElo "2459"]
[BlackElo "2351"]
[PlyCount "80"]
[EventDate "1999.01.31"]
[EventType "team"]
[EventCountry "ENG"]
[Source "Fruth,M"]
[SourceDate "2003.05.15"]

1. d4 d5 2. c4 e6 3. Nc3 c5 4. cxd5 cxd4 5. Qa4+ Bd7 6. Qxd4 exd5 7. Qxd5 Nc6
8. Nf3 Nf6 9. Qd1 Bc5 10. e3 Qe7 11. Be2 O-O-O 12. Bd2 g5 13. Rc1 Kb8 14. a3
Bf5 15. b4 Bb6 16. Qb3 g4 17. Nh4 Bd3 18. Rd1 Bxe2 19. Nxe2 Ne4 20. Nf5 Nxd2
21. Rxd2 Qe4 22. Nfg3 Qxg2 23. Nf4 Qf3 24. Rxd8+ Rxd8 25. O-O Ne5 26. Rc1 Rd2
27. Nfe2 Rxe2 28. Nxe2 Qxe2 29. Qc3 Nf3+ 30. Kg2 a6 31. Qf6 Bxe3 32. Rf1 Ka7
33. Qxf7 Bb6 34. a4 Nd2 35. Rc1 Ne4 36. a5 Bxf2 37. Kh1 Be3 38. Rf1 Nf2+ 39.
Kg2 Nd3+ 40. Kh1 Bf2 0-1

[Event "RUS-Cup 03 Geller mem"]
[Site "Moscow"]
[Date "1999.02.13"]
[Round "4"]
[White "Arbakov, Valentin"]
[Black "Kirusha, Andrey"]
[Result "1-0"]
[WhiteElo "2482"]
[BlackElo "2365"]
[PlyCount "55"]
[EventDate "1999.02.10"]
[EventType "swiss"]
[EventRounds "9"]
[EventCountry "RUS"]
[Source "Fruth,M"]
[SourceDate "2003.05.15"]

1. c4 e6 2. d4 d5 3. Nc3 c5 4. cxd5 cxd4 5. Qxd4 Nc6 6. Qd1 exd5 7. Qxd5 Bd7 8.
Nf3 Nf6 9. Qb3 Bc5 10. e3 Qe7 11. h3 O-O-O 12. Qc2 Kb8 13. Be2 Rc8 14. O-O g5
15. b4 g4 16. bxc5 gxf3 17. Bxf3 Ne5 18. Be2 Rhg8 19. g3 Qe6 20. e4 Nfg4 21.
Bf4 Ka8 22. Nd5 Rc6 23. Rab1 Nh2 24. Qb3 Bc8 25. Kxh2 Qxh3+ 26. Kg1 Ng6 27. Qf3
h5 28. Qh1 1-0

[Event "RUS-Cup 03 Geller mem"]
[Site "Moscow"]
[Date "1999.02.09"]
[Round "8"]
[White "Chekhov, Valery A"]
[Black "Kirusha, Andrey"]
[Result "0-1"]
[WhiteElo "2511"]
[BlackElo "2365"]
[PlyCount "56"]
[EventDate "1999.02.10"]
[EventType "swiss"]
[EventRounds "9"]
[EventCountry "RUS"]
[Source "Fruth,M"]
[SourceDate "2003.05.15"]

1. d4 d5 2. c4 e6 3. Nc3 c5 4. cxd5 cxd4 5. Qa4+ Bd7 6. Qxd4 exd5 7. Qxd5 Nc6
8. e3 Nf6 9. Qd1 Bc5 10. Nf3 Qe7 11. a3 O-O-O 12. Qc2 Kb8 13. Be2 Rc8 14. Bd2
Rhe8 15. b4 Bb6 16. Qb2 Ne5 17. Rc1 g5 18. Nxe5 Qxe5 19. Nd1 Qf5 20. Rxc8+ Rxc8
21. Bc3 Nd5 22. Be5+ Ka8 23. Bf3 g4 24. Be2 Rc2 25. Qa1 Qe4 26. f3 Rxe2+ 27.
Kxe2 Qc2+ 28. Ke1 Nxe3 0-1

[Event "Kiev Spring op"]
[Site "Kiev"]
[Date "1999.??.??"]
[Round "4"]
[White "Budnikov, Oleg"]
[Black "Zhizmer, Yuri"]
[Result "1-0"]
[WhiteElo "2296"]
[BlackElo "2187"]
[PlyCount "99"]
[EventDate "1999.03.??"]
[EventType "swiss"]
[EventRounds "9"]
[EventCountry "UKR"]
[Source "Fruth,M"]
[SourceDate "2003.05.15"]

1. d4 d5 2. c4 e6 3. Nc3 c5 4. cxd5 cxd4 5. Qa4+ Bd7 6. Qxd4 exd5 7. Qxd5 Nc6
8. Nf3 Nf6 9. Qd1 Bc5 10. e3 Qe7 11. Be2 g5 12. a3 O-O-O 13. Qc2 g4 14. Nd2 Kb8
15. b4 Bb6 16. Nc4 Bc7 17. Bb2 Ne5 18. Nxe5 Bxe5 19. O-O Qd6 20. Rfd1 Bxh2+ 21.
Kh1 Nd5 22. Nxd5 Qh6 23. Bg7 Qh4 24. Bf6 Qh5 25. Bc4 Bf5 26. e4 Rhe8 27. Bxd8
Bg3+ 28. Kg1 Qh2+ 29. Kf1 Bxe4 30. Qxe4 Rxe4 31. fxg3 Rxc4 32. Ne3 Rc3 33. Bf6
Rxe3 34. Rd8+ Kc7 35. Rc1+ Kb6 36. Bd4+ Ka6 37. Bxe3 Qxg3 38. Rc3 Qe5 39. Rdc8
h5 40. R8c5 Qf6+ 41. Ke2 b6 42. Rc6 Qe7 43. R3c4 Kb5 44. Rc7 Qe6 45. a4+ Kxa4
46. Rxa7+ Kb3 47. Rf4 Qd5 48. Kf2 Qd3 49. Re7 f5 50. g3 1-0

[Event "Golden Cleopatra closed op 3"]
[Site "Cairo"]
[Date "1999.04.11"]
[Round "1"]
[White "Mohamed, Esam Ahmed Nagib"]
[Black "Ezat, Mohamed"]
[Result "1-0"]
[WhiteElo "2458"]
[BlackElo "2270"]
[PlyCount "71"]
[EventDate "1999.04.11"]
[EventType "swiss"]
[EventRounds "9"]
[EventCountry "EGY"]
[Source "Fruth,M"]
[SourceDate "2003.05.15"]

1. d4 d5 2. c4 e6 3. Nc3 c5 4. cxd5 cxd4 5. Qa4+ Bd7 6. Qxd4 exd5 7. Qxd5 Nc6
8. Nf3 Nf6 9. Qb3 Bc5 10. Bg5 O-O 11. Rd1 Ng4 12. e3 Qc8 13. Qd5 Nce5 14. Nxe5
Be6 15. Qe4 Nxe5 16. Qxe5 f6 17. Bxf6 Rxf6 18. Bd3 Bf7 19. O-O Bd6 20. Bxh7+
Kxh7 21. Rxd6 Rxd6 22. Qxd6 Qg4 23. h3 Qh4 24. Rd1 Qg5 25. Rd4 Re8 26. Ne4 Qf5
27. g4 Qa5 28. Qd7 Kg8 29. Nd6 Qe1+ 30. Kg2 Rf8 31. Nf5 g6 32. Nh6+ Kg7 33. g5
Qa5 34. Qe7 Qb6 35. Qe5+ Kh7 36. Nxf7 1-0

[Event "Komercni Banka op"]
[Site "Pardubice"]
[Date "1999.07.20"]
[Round "5"]
[White "Kostiuk, Tatiana"]
[Black "Jirovsky, Milos"]
[Result "0-1"]
[WhiteElo "2212"]
[BlackElo "2458"]
[PlyCount "46"]
[EventDate "1999.07.11"]
[EventType "swiss"]
[EventRounds "9"]
[EventCountry "CZE"]
[Source "Fruth,M"]
[SourceDate "2003.05.15"]

1. d4 d5 2. c4 e6 3. Nc3 c5 4. cxd5 cxd4 5. Qa4+ Bd7 6. Qxd4 exd5 7. Qxd5 Nc6
8. Nf3 Nf6 9. Qd1 Bc5 10. e3 Qe7 11. Be2 O-O-O 12. O-O Kb8 13. b4 Nxb4 14. Nd4
Nc6 15. Bb2 Nxd4 16. exd4 Bc6 17. Nb5 Rhe8 18. Bd3 a6 19. a4 Bb4 20. Na3 Nd5
21. Qc1 Qh4 22. f3 Bd6 23. f4 Nxf4 0-1

[Event "GER-ch TT BL2 9900 Nord"]
[Site "Deutschland"]
[Date "1999.12.12"]
[Round "3.5"]
[White "Issing, Peter"]
[Black "Bach, Matthias"]
[Result "1-0"]
[WhiteElo "2275"]
[BlackElo "2350"]
[PlyCount "59"]
[EventDate "1999.10.??"]
[EventType "team"]
[EventRounds "9"]
[EventCountry "GER"]
[Source "Fruth,M"]
[SourceDate "2003.05.15"]

1. d4 d5 2. c4 e6 3. Nc3 c5 4. cxd5 cxd4 5. Qa4+ Bd7 6. Qxd4 exd5 7. Qxd5 Nf6
8. Qxb7 Nc6 9. Bf4 Nb4 10. Rc1 Rc8 11. a3 Qa5 12. Bd2 Nbd5 13. e4 Nb6 14. Qa6
Qh5 15. Nf3 g5 16. Be2 g4 17. Ng5 Rg8 18. e5 Rxg5 19. exf6 Ra5 20. Qd3 Rc6 21.
O-O Bd6 22. g3 Qh3 23. Rfe1 Kf8 24. Bf1 Qh5 25. Bg2 Nc8 26. Nd5 Rac5 27. Rxc5
Rxc5 28. b4 Bb5 29. Qe4 Rxd5 30. Qxd5 1-0

[Event "W-ch U18"]
[Site "Oropesa del Mar"]
[Date "1999.10.27"]
[Round "4"]
[White "Krush, Irina"]
[Black "Kapnisis, Spyridon"]
[Result "0-1"]
[WhiteElo "2432"]
[BlackElo "2324"]
[PlyCount "60"]
[EventDate "1999.10.24"]
[EventType "swiss"]
[EventRounds "11"]
[EventCountry "ESP"]
[Source "Fruth,M"]
[SourceDate "2003.05.15"]

1. d4 d5 2. c4 e6 3. Nc3 c5 4. cxd5 cxd4 5. Qa4+ Bd7 6. Qxd4 exd5 7. Qxd5 Nc6
8. Nf3 Nf6 9. Qd1 Bc5 10. e3 Qe7 11. Be2 O-O-O 12. O-O g5 13. b4 Bxb4 14. Nb5
Kb8 15. Bb2 g4 16. Nfd4 h5 17. Qa4 a6 18. Nxc6+ Bxc6 19. Bxf6 Qe4 20. f3 Qxe3+
21. Kh1 Qxe2 22. Qxb4 gxf3 23. Qf4+ Ka8 24. Nc7+ Ka7 25. gxf3 Rhg8 26. Bg5 Rd3
27. Rab1 Rxf3 28. Qd4+ Kb8 29. Rxb7+ Kxb7 30. Rb1+ Rb3+ 0-1

[Event "Chigorin mem"]
[Site "St Petersburg"]
[Date "1999.11.09"]
[Round "8"]
[White "Sirotkina, Nina"]
[Black "Kirusha, Andrey"]
[Result "1/2-1/2"]
[WhiteElo "2260"]
[BlackElo "2364"]
[PlyCount "180"]
[EventDate "1999.11.02"]
[EventType "swiss"]
[EventRounds "9"]
[EventCountry "RUS"]
[Source "Fruth,M"]
[SourceDate "2003.05.15"]

1. d4 d5 2. c4 e6 3. Nc3 c5 4. cxd5 cxd4 5. Qa4+ Bd7 6. Qxd4 exd5 7. Nf3 Nc6 8.
Qxd5 Nf6 9. Qd1 Bc5 10. e3 Qe7 11. Be2 O-O-O 12. Bd2 Kb8 13. O-O g5 14. b4 Bb6
15. b5 Ne5 16. Nd4 Bc7 17. b6 Bxb6 18. Rb1 h5 19. Qb3 g4 20. Ncb5 Bxb5 21. Bb4
Bc5 22. Bxc5 Qxc5 23. Qxb5 Qxb5 24. Rxb5 Rd5 25. Rfb1 Rxb5 26. Rxb5 Re8 27. a4
Ne4 28. Kf1 Nc3 29. Rb3 Nxe2 30. Kxe2 Rc8 31. Rb5 f6 32. f4 gxf3+ 33. gxf3 Rc3
34. h4 Ra3 35. a5 Ra2+ 36. Ke1 Ra3 37. Kf2 a6 38. Rb6 Nd7 39. Rd6 Kc7 40. Rd5
Ne5 41. Nf5 Nc6 42. Ng7 Nxa5 43. Nxh5 b5 44. Nxf6 Nc4 45. h5 Ra2+ 46. Kg3 Nxe3
47. h6 Rg2+ 48. Kh3 Rg6 49. h7 Rxf6 50. Rc5+ Kd6 51. h8=Q Rxf3+ 52. Kh4 Kxc5
53. Qc8+ Kb4 54. Qc6 Rf4+ 55. Kg3 Rd4 56. Qxa6 Nc4 57. Kf3 Rd3+ 58. Ke4 Ra3 59.
Qc6 Re3+ 60. Kd4 Rd3+ 61. Ke4 Rd6 62. Qe8 Nd2+ 63. Ke3 Nc4+ 64. Ke2 Ka4 65. Ke1
Ka5 66. Qa8+ Kb6 67. Qb8+ Kc5 68. Qc8+ Kd4 69. Qh8+ Kd3 70. Qh7+ Kc3 71. Qg7+
Rd4 72. Qg3+ Rd3 73. Qg7+ Kb3 74. Qg6 Re3+ 75. Kd1 Nb2+ 76. Kd2 Rd3+ 77. Ke2
Rc3 78. Qe6+ Nc4 79. Qg6 b4 80. Qb1+ Nb2 81. Kd2 Rd3+ 82. Ke2 Rd1 83. Qg6 Rc1
84. Qe6+ Nc4 85. Kd3 Rc3+ 86. Kd4 Kb2 87. Qe1 Ne3 88. Qf2+ Nc2+ 89. Kd5 Rd3+
90. Kc4 Rd4+ 1/2-1/2

[Event "Malmo B IT"]
[Site "Malmo"]
[Date "2000.??.??"]
[Round "7"]
[White "Loeffler, Stefan"]
[Black "Lauridsen, Jesper Morck"]
[Result "1-0"]
[WhiteElo "2426"]
[BlackElo "2271"]
[PlyCount "59"]
[EventDate "2000.??.??"]
[EventType "tourn"]
[EventRounds "9"]
[EventCountry "SWE"]
[EventCategory "4"]
[Source "Fruth,M"]
[SourceDate "2003.05.15"]

1. d4 d5 2. c4 e6 3. Nc3 c5 4. cxd5 cxd4 5. Qa4+ Bd7 6. Qxd4 exd5 7. Qxd5 Nc6
8. Bg5 Nf6 9. Qd2 h6 10. Bxf6 Qxf6 11. Nd5 Qf5 12. g4 Qg6 13. Nc7+ Kd8 14.
O-O-O Bd6 15. Nxa8 Nb4 16. b3 Nd5 17. Qb2 Qe4 18. Bg2 Qxg2 19. Nf3 Ke7 20. Rxd5
Rc8+ 21. Kd2 Bf4+ 22. Kd3 Qxg4 23. Ne5 Qf5+ 24. e4 Qh3+ 25. Kd4 Be6 26. Nd3 Bg5
27. Qe2 Bf6+ 28. e5 Bg5 29. Rd6 Bd2 30. Qxd2 1-0

[Event "Naujac sur Mer IT"]
[Site "Naujac sur Mer"]
[Date "2000.??.??"]
[Round "8"]
[White "Roos, Celine"]
[Black "Rainfray, Arnaud"]
[Result "0-1"]
[WhiteElo "2176"]
[BlackElo "2400"]
[PlyCount "58"]
[EventDate "2000.??.??"]
[EventType "tourn"]
[EventRounds "9"]
[EventCountry "FRA"]
[EventCategory "3"]
[Source "Fruth,M"]
[SourceDate "2003.05.15"]

1. d4 d5 2. c4 e6 3. Nc3 c5 4. cxd5 cxd4 5. Qa4+ Bd7 6. Qxd4 exd5 7. Qxd5 Nc6
8. e3 Nf6 9. Qb3 Bc5 10. Be2 Qe7 11. Nf3 O-O-O 12. O-O Rhg8 13. Bd2 g5 14. Na4
Bd6 15. Rfc1 Ne4 16. Bc3 g4 17. Ne5 Bxe5 18. Bxe5 Qxe5 19. Ba6 Qc7 20. Bd3 Nd2
21. Qc3 Nf3+ 22. Kf1 Qxh2 23. g3 Kb8 24. Nc5 Rge8 25. Be4 Rxe4 26. Nxe4 Bf5 27.
Nc5 Rd2 28. Na6+ bxa6 29. Qb3+ Ka8 0-1

[Event "Prague Bohemians CSOB Cup IT"]
[Site "Prague"]
[Date "2000.??.??"]
[Round "11"]
[White "Staniszewski, Piotr"]
[Black "Cech, Pavel"]
[Result "1-0"]
[WhiteElo "2433"]
[BlackElo "2360"]
[PlyCount "65"]
[EventDate "2000.??.??"]
[EventType "tourn"]
[EventRounds "11"]
[EventCountry "CZE"]
[EventCategory "3"]
[Source "Fruth,M"]
[SourceDate "2003.05.15"]

1. d4 d5 2. c4 e6 3. Nc3 c5 4. cxd5 cxd4 5. Qxd4 Nc6 6. Qd1 exd5 7. Qxd5 Bd7 8.
Bg5 Nf6 9. Qd2 h6 10. Bh4 g5 11. Bg3 Qa5 12. f3 O-O-O 13. e4 Bf5 14. Qc2 Nd4
15. Qd3 Be6 16. Qb1 Bb4 17. Qc1 Bb3 18. Bd3 Nc2+ 19. Bxc2 Bxc3+ 20. bxc3 Qxc3+
21. Kf2 Rd2+ 22. Ne2 Bxc2 23. Re1 Rhd8 24. Kf1 Qc6 25. Qa3 a6 26. Rac1 g4 27.
Qe3 gxf3 28. gxf3 Nh5 29. Be5 R2d3 30. Qf2 f6 31. Nd4 R3xd4 32. Bxd4 Rg8 33.
Rxc2 1-0

[Event "SVK-ch TT 1E 200001"]
[Site "SVK"]
[Date "2001.??.??"]
[Round "5"]
[White "Singliar, Anton"]
[Black "Kopnicky, Vladimir"]
[Result "1-0"]
[WhiteElo "2167"]
[BlackElo "2172"]
[PlyCount "58"]
[EventDate "2000.??.??"]
[EventType "team"]
[EventRounds "11"]
[EventCountry "SVK"]
[Source "Fruth,M"]
[SourceDate "2003.05.15"]

1. d4 d5 2. c4 e6 3. Nc3 c5 4. cxd5 cxd4 5. Qxd4 Nc6 6. Qd1 exd5 7. Qxd5 Bd7 8.
Nf3 Nf6 9. Qd1 Bc5 10. e3 Qe7 11. Bb5 O-O-O 12. Qe2 g5 13. O-O g4 14. Nd4 Ne5
15. Bxd7+ Rxd7 16. Rd1 Rg8 17. Kh1 Rgd8 18. Bd2 Kb8 19. Rac1 Ng6 20. Be1 h5 21.
Nf5 Qe5 22. Rxd7 Rxd7 23. Qc2 Rd8 24. Na4 Bd6 25. Nxd6 Qxd6 26. Bb4 Qc6 27.
Qxc6 bxc6 28. Nc5 Nd5 29. Ba5 Rd6 1-0

[Event "SVK-ch TT 3D 200001"]
[Site "SVK"]
[Date "2001.??.??"]
[Round "3"]
[White "Vojtko, Marek"]
[Black "Kopnicky, Vladimir"]
[Result "0-1"]
[WhiteElo "2161"]
[BlackElo "2172"]
[PlyCount "96"]
[EventDate "2000.??.??"]
[EventType "team"]
[EventRounds "9"]
[EventCountry "SVK"]
[Source "Fruth,M"]
[SourceDate "2003.05.15"]

1. d4 d5 2. c4 e6 3. Nc3 c5 4. cxd5 cxd4 5. Qa4+ Bd7 6. Qxd4 exd5 7. Qxd5 Nc6
8. Nf3 Nf6 9. Qd1 Bc5 10. e3 Qe7 11. Be2 O-O-O 12. Bd2 g5 13. h3 Rhg8 14. a3
Kb8 15. Qc2 h5 16. O-O-O g4 17. hxg4 hxg4 18. Nh4 Rc8 19. Kb1 Ka8 20. Bd3 Ne5
21. Bf5 Be6 22. Bxe6 fxe6 23. Bc1 g3 24. f3 Rc6 25. Ka2 Qc7 26. Qe2 a6 27. Bd2
Bd6 28. Nb1 Nc4 29. Rc1 Nd5 30. e4 Nf4 31. Bxf4 Bxf4 32. Rc2 Rh8 33. Ng6 Rxh1
34. Nxf4 Qxf4 35. Rxc4 Rc1 36. Nc3 Qc7 37. Rxc6 Qxc6 38. Qd3 Rg1 39. Qd8+ Ka7
40. Qd4+ Qb6 41. Qd2 Rf1 42. Nd1 e5 43. Nc3 Rf2 44. Qc1 Qc5 45. a4 Qc4+ 46. Kb1
Rf1 47. Nd1 Qd3+ 48. Ka2 Qd4 0-1

[Event "Skelleftea op Women"]
[Site "Skelleftea"]
[Date "2000.??.??"]
[Round "3"]
[White "Johansson, Victoria"]
[Black "Agrest, Svetlana"]
[Result "0-1"]
[WhiteElo "2188"]
[BlackElo "2197"]
[PlyCount "74"]
[EventDate "2000.??.??"]
[EventType "swiss"]
[EventRounds "8"]
[EventCountry "SWE"]
[Source "Fruth,M"]
[SourceDate "2003.05.15"]

1. d4 d5 2. c4 e6 3. Nc3 c5 4. cxd5 cxd4 5. Qxd4 Nc6 6. Qd1 exd5 7. Qxd5 Bd7 8.
Bg5 Nf6 9. Qd2 h6 10. Bxf6 Qxf6 11. Nd5 Qd8 12. e4 Be6 13. Bb5 Bd6 14. Ne2 O-O
15. O-O Ne5 16. Rfd1 a6 17. Ndc3 Bc5 18. Qxd8 Rfxd8 19. Rxd8+ Rxd8 20. Ba4 Nd3
21. Rf1 Nxb2 22. Bb3 Bxb3 23. axb3 Rd2 24. Nf4 Ba7 25. g3 g5 26. Nfd5 Nd3 27.
Nd1 Nc5 28. N1e3 Nxe4 29. Rc1 Nxf2 30. Rc8+ Kh7 31. Rc7 Nh3+ 32. Kf1 Rf2+ 33.
Ke1 Rf3 34. Ng4 Bd4 35. Rxb7 h5 36. Ngf6+ Kg6 37. Nxh5 Kxh5 0-1

[Event "Suwalki op A"]
[Site "Suwalki"]
[Date "2000.??.??"]
[Round "?"]
[White "Shishkin, Vadim"]
[Black "Krzywicki, Dariusz"]
[Result "1/2-1/2"]
[WhiteElo "2415"]
[BlackElo "2230"]
[PlyCount "47"]
[EventDate "2000.??.??"]
[EventType "swiss"]
[EventRounds "10"]
[EventCountry "POL"]
[Source "Fruth,M"]
[SourceDate "2003.05.15"]

1. c4 e6 2. d4 d5 3. Nc3 c5 4. cxd5 cxd4 5. Qa4+ Bd7 6. Qxd4 exd5 7. Qxd5 Nc6
8. Nf3 Nf6 9. Qd1 Bc5 10. e3 Qe7 11. Be2 O-O-O 12. O-O g5 13. b4 Bxb4 14. Bb2
Rhe8 15. Nb5 Ne4 16. a3 Bc5 17. Nfd4 Kb8 18. Bf3 Rc8 19. Qe2 f5 20. Nxc6+ Rxc6
21. Bd4 a6 22. Bxc5 Rxc5 23. Nd4 Nc3 24. Qd2 1/2-1/2

[Event "Tanta City op 03"]
[Site "Tanta City"]
[Date "2000.??.??"]
[Round "6"]
[White "Rahman, Yehya"]
[Black "Ezat, Mohamed"]
[Result "0-1"]
[WhiteElo "2270"]
[BlackElo "2350"]
[PlyCount "42"]
[EventDate "2000.??.??"]
[EventType "swiss"]
[EventCountry "EGY"]
[Source "Fruth,M"]
[SourceDate "2003.05.15"]

1. d4 d5 2. c4 e6 3. Nc3 c5 4. cxd5 cxd4 5. Qxd4 Nc6 6. Qd1 exd5 7. Qxd5 Bd7 8.
Bg5 Nf6 9. Qd2 Be7 10. e4 O-O 11. f3 Qa5 12. Be3 Rfd8 13. Qf2 Rac8 14. a3 Ne5
15. Bd2 Bc5 16. Qg3 Nh5 17. Qh4 Ng6 18. Qg5 Qb6 19. Qxh5 Bf2+ 20. Ke2 Rxc3 21.
Bxc3 Nf4+ 0-1

[Event "Tanta City op 03"]
[Site "Tanta City"]
[Date "2000.??.??"]
[Round "7"]
[White "Ezat, Mohamed"]
[Black "Pisk, Petr"]
[Result "1/2-1/2"]
[WhiteElo "2350"]
[BlackElo "2405"]
[PlyCount "88"]
[EventDate "2000.??.??"]
[EventType "swiss"]
[EventCountry "EGY"]
[Source "Fruth,M"]
[SourceDate "2003.05.15"]

1. d4 d5 2. c4 e6 3. Nc3 c5 4. cxd5 cxd4 5. Qa4+ Bd7 6. Qxd4 exd5 7. Qxd5 Nc6
8. e3 Nf6 9. Qd1 Bc5 10. Nf3 Qe7 11. Be2 O-O-O 12. O-O g5 13. b4 Bxb4 14. Bb2
Rhg8 15. Nb5 a6 16. a3 Bc5 17. Rc1 g4 18. Nd2 Rg6 19. Bxf6 Rxf6 20. Rxc5 Qxc5
21. Ne4 Qe7 22. Nxf6 Qxf6 23. Qd6 Qxd6 24. Nxd6+ Kc7 25. Nxf7 Rf8 26. Ng5 h5
27. h3 Rf5 28. f4 gxf3 29. Nxf3 Ra5 30. Ra1 b5 31. Nd2 Be6 32. Bd1 b4 33. a4
Rd5 34. Nf3 a5 35. Rc1 Kb6 36. Kf2 Rd6 37. Rb1 Bf5 38. Rc1 Be6 39. Ke2 Bf5 40.
Bb3 Bd3+ 41. Kf2 Be4 42. Ke2 Ne7 43. Ne5 Rd8 44. g4 hxg4 1/2-1/2

[Event "Ciudad de Ubeda 5 op"]
[Site "Ubeda"]
[Date "2000.01.28"]
[Round "10.27"]
[White "Touzane, Olivier"]
[Black "Bulthaupt, Freerk"]
[Result "1-0"]
[WhiteElo "2384"]
[BlackElo "2170"]
[PlyCount "59"]
[EventDate "2000.01.??"]
[EventType "swiss"]
[EventRounds "10"]
[EventCountry "ESP"]
[Source "Fruth,M"]
[SourceDate "2003.05.15"]

1. d4 d5 2. c4 e6 3. Nc3 c5 4. cxd5 cxd4 5. Qa4+ Bd7 6. Qxd4 exd5 7. Qxd5 Nc6
8. Nf3 Nf6 9. Qb3 Bc5 10. e3 O-O 11. Be2 Qc7 12. O-O Rad8 13. Qc4 Ne5 14. Nxe5
Qxe5 15. Qf4 Qe7 16. Bf3 Kh8 17. e4 g5 18. Qxg5 Rg8 19. Qh4 Bg4 20. Kh1 Rd3 21.
Bg5 Rxf3 22. Nd5 Nxd5 23. Bxe7 Nxe7 24. Rac1 Bd4 25. Qxe7 Bxb2 26. Rc7 Bd4 27.
Qd6 Bb6 28. Rxb7 Bxf2 29. Rxf2 Rxf2 30. Qd4+ 1-0